Change and opportunities in the emerging Mediterranean
Αποθηκεύτηκε σε:
| Συγγραφή απο Οργανισμό/Αρχή: | |
|---|---|
| Άλλοι συγγραφείς: | , |
| Μορφή: | Βιβλίο |
| Γλώσσα: | English |
| Δημοσίευση: |
Malta :
Gutenberg Press,
2012
|
| Θέματα: | |
| Ετικέτες: |
Προσθήκη ετικέτας
Δεν υπάρχουν, Καταχωρήστε ετικέτα πρώτοι!
|
MARC
| LEADER | 00000cam a2200000 i 4500 | ||
|---|---|---|---|
| 001 | 1/26413 | ||
| 008 | 130225s2012 eng d | ||
| 020 | |a 978-99957-0-176-5 | ||
| 035 | |l 10113828 | ||
| 040 | |a GR-MY-UA |b gre |e aacr | ||
| 041 | 0 | |a eng | |
| 082 | 0 | |a 320.91822 |2 (22) | |
| 245 | 1 | 0 | |a Change and opportunities in the emerging Mediterranean / |c Mediterranean Academy of Diplomatic Studies ; edited by Stephen Calleya and Monika Wohlfeld |
| 260 | |a Malta : |b Gutenberg Press, |c 2012 | ||
| 300 | |a 506 σ.; |c 21 εκ. | ||
| 504 | |a Περιλαμβάνει βιβλιογραφικές αναφορές | ||
| 651 | 0 | |a Mediterranean Region |x Politics and government. | |
| 651 | 0 | |a Mediterranean Region |x Economic conditions. | |
| 700 | 1 | |a Calleya, Stephen C. |4 edt | |
| 700 | 1 | |a Wohlfeld, Monika. |4 edt | |
| 710 | 2 | |a Mediterranean Academy of Diplomatic Studies. | |
| 852 | |a INST |b RHODES |e 20130225 |h 320.91822 CHA |p 005400034944 |q 005400034944 |t BK |y 0 | ||
| 901 | |a BIBL4-2013-1 | ||
| 909 | |a Ρ |b 176480 | ||
| 922 | |a 4ΕΛΗ | ||
| 970 | |z 2013/02/22 | ||